Điển hay tích lạ

Na minha lista:
Detalhes bibliográficos
Autor principal: Nguyễn, Tử Quang
Formato: Livro
Idioma:Undetermined
Publicado em: Hà Nội Văn hóa Thông tin 2010
Assuntos:
Tags: Adicionar Tag
Sem tags, seja o primeiro a adicionar uma tag!
Thư viện lưu trữ: Trung tâm Học liệu Trường Đại học Cần Thơ
LEADER 00611nam a2200205Ia 4500
001 CTU_163981
008 210402s9999 xx 000 0 und d
020 |c 76000 
082 |a 495.9223 
082 |b Qu106 
100 |a Nguyễn, Tử Quang 
245 0 |a Điển hay tích lạ 
245 0 |c Nguyễn Tử Quang 
260 |a Hà Nội 
260 |b Văn hóa Thông tin 
260 |c 2010 
650 |a Tiếng Việt,Vietnamese language 
650 |x Từ và cụm từ,Terms and phrases 
904 |i Trọng Hải 
980 |a Trung tâm Học liệu Trường Đại học Cần Thơ